000 01173nam0a22003371 4500
001 rc\4562907
005 20250612120332.0
010 _97000
_bВ пер.
_d66 к.
021 _aRU
_b[65-10950]
035 _a(NLR Aleph) 008646821
090 _a8976867
_c8976867
100 _a20130416d1964 |||y0rusy50 ca
101 0 _arus
102 _aRU
105 _ay g |||||
181 0 _ai
_baxxe
182 0 _an
200 1 _aРецептурный справочник по мочеполовым болезням
_fЦ.Г. Мазманян
203 _aТекст
_bвизуальный
_cнепосредственный
210 _aТашкент
_c"Медицина"
_d1964
215 _d17
_a151 с.
225 1 _aВ помощь практическому врачу
606 _aМочеполовые органы
_jСправочники
_xБолезни
_xФармакотерапия
_91673945
_3RU\NLR\AUTH\66742633
686 1 _aР696.5-52я22
700 1 _aМазманян
_bЦ. Г.
_gЦолак Гегамович
801 0 _aRU
_bNLR
_gpsbo
801 1 _aRU
_bELAR
_2rusmarc
852 _aNLR
_j65-2/345
942 _cBOOK
980 _aNB